000 00316nam a22001457a 4500
008 210312b ||||| |||| 00| 0 eng d
020 _a0720441080
041 _aeng
080 _a61
082 _a61
100 _a3
101 _aSHM
245 _aThe Thyroid and Biogenic Amines
_cRall, J. E
942 _2udc
_cBK
999 _c56589
_d56589